[Event "Beacon Juniors op"]
[Site "Exmouth"]
[Date "2008.11.20"]
[Round "4"]
[White "Pegg, Russell M"]
[Black "Heppell, Ian"]
[Result "0-1"]
[WhiteElo "1968"]
[BlackElo "2169"]
[PlyCount "68"]
[EventDate "2008.11.17"]
[EventType "swiss"]
[EventRounds "5"]
[EventCountry "ENG"]
[SourceTitle "EXT 2011"]
[Source "ChessBase"]
[SourceDate "2010.11.26"]
[SourceVersion "1"]
[SourceVersionDate "2010.11.26"]
[SourceQuality "1"]

1. d4 d6 2. e4 Nf6 3. Nc3 Nbd7 4. Nf3 e5 5. Bc4 Be7 6. 0-0 0-0 7. dxe5 dxe5 8. Be3 c6 9. a4 Qc7 10. Qe2 Nc5 11. Nd2 Be6 12. Bxc5 Bxc5 13. Bxe6 fxe6 14. Qc4 Qe7 15. Nf3 Ng4 16. h3 Nxf2 17. Rxf2 Bxf2+ 18. Kxf2 Qh4+ 19. Ke2 Qf6 20. Rf1 Rad8 21. Qc5 Qf4 22. Qxa7 Rd4 23. Qc5 Qg3 24. Qxe5 Qxg2+ 25. Ke1 Rdd8 26. Qxe6+ Kh8 27. Qg4 Qxc2 28. Rg1 Qc1+ 29. Kf2 Qxb2+ 30. Ne2 Rd2 31. Re1 Rd3 32. Kg2 Rdxf3 33. Qxf3 Rxf3 34. Kxf3 Qb3+ 0-1

[Event "Beacon Juniors op"]
[Site "Exmouth"]
[Date "2008.11.19"]
[Round "3"]
[White "Sellwood, Colin"]
[Black "Pegg, Russell M"]
[Result "0-1"]
[WhiteElo "1664"]
[BlackElo "1968"]
[PlyCount "114"]
[EventDate "2008.11.17"]
[EventType "swiss"]
[EventRounds "5"]
[EventCountry "ENG"]
[SourceTitle "EXT 2011"]
[Source "ChessBase"]
[SourceDate "2010.11.26"]
[SourceVersion "1"]
[SourceVersionDate "2010.11.26"]
[SourceQuality "1"]

1. e4 d6 2. d4 Nf6 3. Nc3 Nbd7 4. f4 c6 5. Nf3 Qb6 6. Be2 e5 7. fxe5 dxe5 8. 0-0 Be7 9. Kh1 exd4 10. Nxd4 Ne5 11. Be3 Qc7 12. Qd2 0-0 13. Bg1 a6 14. Rad1 Bd7 15. h3 Rad8 16. Qe3 Be6 17. Nf5 Rxd1 18. Bxd1 Bxf5 19. Rxf5 Bd6 20. Be2 Ned7 21. a3 Re8 22. Bc4 Re7 23. g4 Ne5 24. Ba2 Nfd7 25. Qd2 Kh8 26. Bh2 f6 27. Rf1 Nf7 28. Bxf7 Bxh2 29. Qxh2 Qxh2+ 30. Kxh2 Rxf7 31. g5 Re7 32. gxf6 Nxf6 33. Kg2 Kg8 34. Re1 g5 35. Kf3 Kg7 36. Rd1 Nd7 37. Kg4 Kg6 38. e5 Nxe5+ 39. Kg3 Nf7 40. Na4 h5 41. Nc5 Re3+ 42. Kf2 Rxh3 43. Kg2 Re3 44. Nxb7 Re2+ 45. Kf3 Rxc2 46. Rb1 g4+ 47. Ke3 h4 48. Na5 g3 49. Nb3 h3 50. Nd4 Rc5 51. Rg1 Rg5 52. Ne2 h2 53. Nf4+ Kf5 54. Rf1 Kg4 55. Ng2 Rf5 56. Rc1 Rf2 57. Rc4+ Kh3 0-1

[Event "Beacon Juniors op"]
[Site "Exmouth"]
[Date "2008.11.17"]
[Round "1"]
[White "Rogers, David R"]
[Black "Pegg, Russell M"]
[Result "1/2-1/2"]
[WhiteElo "1688"]
[BlackElo "1968"]
[PlyCount "78"]
[EventDate "2008.11.17"]
[EventType "swiss"]
[EventRounds "5"]
[EventCountry "ENG"]
[SourceTitle "EXT 2011"]
[Source "ChessBase"]
[SourceDate "2010.11.26"]
[SourceVersion "1"]
[SourceVersionDate "2010.11.26"]
[SourceQuality "1"]

1. d4 f5 2. Nf3 g6 3. g3 Nf6 4. Bg2 Bg7 5. c4 0-0 6. 0-0 c6 7. d5 d6 8. Nc3 e5 9. Qc2 Na6 10. a3 e4 11. Nd4 Ng4 12. e3 Ne5 13. Nce2 c5 14. Ne6 Bxe6 15. dxe6 Qe7 16. Nc3 Qxe6 17. Nd5 Rac8 18. Rb1 Nc7 19. Rd1 Nd3 20. Rxd3 exd3 21. Qxd3 Kh8 22. Bd2 Nxd5 23. Bxd5 Qe7 24. b4 b6 25. b5 g5 26. Rd1 f4 27. exf4 gxf4 28. Bxf4 Rxf4 29. gxf4 Rf8 30. Qg3 Rf6 31. Kh1 Rg6 32. Qe3 Qf8 33. Re1 Bd4 34. Qe8 Rf6 35. Re4 Kg7 36. Qxf8+ Rxf8 37. Kg2 Rf6 38. Kg3 Kf8 39. Kg2 Rg6+ 1/2-1/2